Marketing Research (Record no. 2078)

MARC details
000 -LEADER
fixed length control field 00381nam a22001697a 4500
005 - DATE AND TIME OF LATEST TRANSACTION
control field 20160530093336.0
008 - FIXED-LENGTH DATA ELEMENTS--GENERAL INFORMATION
fixed length control field 160530b xxu||||| |||| 00| 0 eng d
020 ## - INTERNATIONAL STANDARD BOOK NUMBER
ISBN 9971-51-389-7
041 ## - LANGUAGE CODE
Language code of text/sound track or separate title eng
082 ## - DEWEY DECIMAL CLASSIFICATION NUMBER
Item number 5861
100 ## - MAIN ENTRY--AUTHOR NAME
Personal name Aker, Kumar and Day
245 ## - TITLE STATEMENT
Title Marketing Research
260 ## - PUBLICATION, DISTRIBUTION, ETC. (IMPRINT)
Name of publisher John Willy
300 ## - PHYSICAL DESCRIPTION
Number of Pages 707
650 ## - SUBJECT ADDED ENTRY--TOPICAL TERM
Topical Term Management
942 ## - ADDED ENTRY ELEMENTS (KOHA)
Koha item type Books
Holdings
Lost status Damaged status Collection code Home library Current library Shelving location Date acquired Cost, normal purchase price Full call number Accession Number Koha item type
    MANAGEMENT JRU Library JRU Library SHELF- 66 A 30/05/2016 348.00 5861 5861 Books
    MANAGEMENT JRU Library JRU Library SHELF- 66 A 30/05/2016 348.00 5861 5862 Books
    MANAGEMENT JRU Library JRU Library SHELF- 66 A 30/05/2016 348.00 5861 5863 Books
    Reference JRU Library   SHELF-28-J 30/05/2016 348.00 5861 5864 Books